Algunos aspectos del desarrollo social y político en América Latina /

Збережено в:
Бібліографічні деталі
Автор: Koroliov, Yuri
Формат: Текст
Теги: Додати тег
Немає тегів, Будьте першим, хто поставить тег для цього запису!

MARC

LEADER 00000 a a2200000 04500
001 677
003
040
100 |a Koroliov, Yuri  
245 |a Algunos aspectos del desarrollo social y político en América Latina /  |c Yuri Koroliov 
773 |g número 8; páginas 4-36  
999 |c 33987  |d 33987